00854nam a2200193 a 450000100100000000500170001000800410002704000250006810000250009324500810011826000650019930000280026449000280029259000750032070000350039583000350043095201780046599900170064300003525320200930074216.0111026s1961 ag a 000 0 spa d aDO-SdBNPbspacBNPHU1 aKuhn, Herbert96100513aEl despertar de la humanidad. /cHerbert Kuhn; traducción Federico Friele. aBuenos Aires, :bCompañía general fabril editora,c1961. a273 p. :bil. ;c20 cm.1 aColección experiencia aPerteneció a la biblioteca personal de Juan Isidro Jimenes Grullón1 aFriele, Federicoetrad.961006 0aColección experiencia961007 001050718MOaGRbGRcCTd2011-10-26iLF1l0o p35253-10r2020-06-25w2020-06-25y1zPerteneció a la biblioteca personal de Juan Isidro Jimenes Grullón.ZNo se presta c34744d34744